[Event "British Rapidplay"]
[Site "Peterborough"]
[Date "2024.03.03"]
[Round "9"]
[White "Gormally, Daniel"]
[Black "Gasanov, Eldar"]
[Result "1-0"]
[WhiteElo "2415"]
[BlackElo "2474"]
[PlyCount "69"]
[EventDate "2024.03.02"]
[EventType "swiss (rapid)"]
[EventRounds "11"]
[EventCountry "ENG"]
[SourceTitle "CB10_2024"]
[SourceDate "2024.03.06"]
[SourceVersion "1"]
[SourceVersionDate "2024.03.06"]
[SourceQuality "1"]

1. d4 Nf6 2. Nf3 d5 3. c4 e6 4. Nc3 c6 5. Bg5 h6 6. Bh4 Be7 7. e3 Nbd7 8. Bd3 dxc4 9. Bxc4 b5 10. Bd3 Bb7 11. 0-0 a6 12. a4 b4 13. Bxf6 Bxf6 14. Ne4 0-0 15. Nd6 Qc7 16. Nxb7 Qxb7 17. Be4 Rac8 18. Rc1 Qb6 19. Qe2 c5 20. d5 c4 21. Rxc4 Rxc4 22. Qxc4 Bxb2 23. dxe6 fxe6 24. Rb1 Bc3 25. Bc2 Qd6 26. Rd1 Ne5 27. Nxe5 Qxe5 28. Qxa6 Qf6 29. f4 e5 30. Rd6 Qe7 31. Qc4+ Qf7 32. Qe4 Qa2 33. Rd7 Qa1+ 34. Bb1 Rf7 35. Qh7+ 1-0

[Event "British Rapidplay"]
[Site "Peterborough"]
[Date "2024.03.03"]
[Round "11"]
[White "Harris, Michael"]
[Black "Gasanov, Eldar"]
[Result "0-1"]
[WhiteElo "2234"]
[BlackElo "2474"]
[PlyCount "86"]
[EventDate "2024.03.02"]
[EventType "swiss (rapid)"]
[EventRounds "11"]
[EventCountry "ENG"]
[SourceTitle "CB10_2024"]
[SourceDate "2024.03.06"]
[SourceVersion "1"]
[SourceVersionDate "2024.03.06"]
[SourceQuality "1"]

1. d4 d6 2. c4 e5 3. Nf3 e4 4. Nfd2 f5 5. Nc3 Nf6 6. e3 c6 7. f3 d5 8. Qb3 Be7 9. cxd5 cxd5 10. Bb5+ Nc6 11. 0-0 a6 12. Be2 Na5 13. Qc2 0-0 14. Rb1 b5 15. b4 Nc4 16. Nxc4 exf3 17. Bxf3 bxc4 18. b5 axb5 19. Rxb5 Be6 20. Bd2 Ne4 21. Rfb1 Bd6 22. g3 Bc7 23. Rb7 Bd6 24. Ne2 Rf7 25. Rxf7 Bxf7 26. a4 Nxd2 27. Qxd2 Rxa4 28. Qc2 Ra3 29. Qxf5 g6 30. Qc2 Qe7 31. Kg2 Qxe3 32. Rf1 Kg7 33. Qc1 Qxc1 34. Rxc1 Bb4 35. Rb1 Rb3 36. Ra1 Ba3 37. Nf4 c3 38. Bd1 Rb2+ 39. Kf3 Bd6 40. Rc1 Rd2 41. Bb3 Bxf4 42. Kxf4 Rxd4+ 43. Ke3 Rb4 0-1

[Event "British Rapidplay"]
[Site "Peterborough"]
[Date "2024.03.02"]
[Round "4"]
[White "Gasanov, Eldar"]
[Black "Toma, Katarzyna"]
[Result "1-0"]
[WhiteElo "2474"]
[BlackElo "2201"]
[PlyCount "49"]
[EventDate "2024.03.02"]
[EventType "swiss (rapid)"]
[EventRounds "11"]
[EventCountry "ENG"]
[SourceTitle "CB10_2024"]
[SourceDate "2024.03.06"]
[SourceVersion "1"]
[SourceVersionDate "2024.03.06"]
[SourceQuality "1"]

1. d4 Nf6 2. c4 g6 3. Nc3 d5 4. Bf4 Bg7 5. e3 c5 6. dxc5 Qa5 7. Rc1 dxc4 8. Bxc4 Qxc5 9. Bb3 0-0 10. Nf3 Nc6 11. 0-0 Qh5 12. h3 Na5 13. Nd5 Nxd5 14. Bxd5 e6 15. Be4 Bxb2 16. Rc7 Nc6 17. Qc2 Bg7 18. Rb1 Qa5 19. Bxc6 bxc6 20. Bd6 Rd8 21. Rxc6 Bd7 22. Bc7 Qf5 23. Qxf5 gxf5 24. Rd6 Bf8 25. Rd2 1-0

[Event "Cambridge op 2nd"]
[Site "Cambridge"]
[Date "2024.02.22"]
[Round "6"]
[White "Vardanyan, Aras"]
[Black "Gasanov, Eldar"]
[Result "1/2-1/2"]
[WhiteElo "2299"]
[BlackElo "2494"]
[PlyCount "63"]
[EventDate "2024.02.19"]
[EventType "swiss"]
[EventRounds "9"]
[EventCountry "ENG"]
[SourceTitle "CB09_2024"]
[SourceDate "2024.02.28"]
[SourceVersion "1"]
[SourceVersionDate "2024.02.28"]
[SourceQuality "1"]

1. c4 e6 2. g3 d5 3. Bg2 Nf6 4. Nf3 d4 5. 0-0 c5 6. e3 Nc6 7. exd4 cxd4 8. Re1 Bd6 9. d3 h6 10. Na3 0-0 11. Nc2 a5 12. a3 e5 13. Rb1 a4 14. Nb4 Re8 15. c5 Bc7 16. Nd2 Bd7 17. Ne4 Nxb4 18. axb4 Bc6 19. Ra1 Nxe4 20. Bxe4 Bxe4 21. dxe4 Qd7 22. Qd3 b6 23. Bd2 bxc5 24. bxc5 Reb8 25. b4 axb3 26. Rxa8 Rxa8 27. Qxb3 Qa4 28. Qb7 Ra7 29. Qc8+ Kh7 30. Qf5+ Kg8 31. Qc8+ Kh7 32. Qf5+ 1/2-1/2

[Event "BCF-chT 2324 (4NCL)"]
[Site "England"]
[Date "2024.02.11"]
[Round "6.3"]
[White "Gasanov, Eldar"]
[Black "Boswell, Jacob Connor"]
[Result "0-1"]
[WhiteElo "2487"]
[BlackElo "2229"]
[PlyCount "88"]
[EventDate "2023.11.11"]
[EventType "team-tourn"]
[EventRounds "11"]
[EventCountry "ENG"]
[SourceTitle "CB11_2024"]
[SourceDate "2024.03.13"]
[SourceVersion "1"]
[SourceVersionDate "2024.03.13"]
[SourceQuality "1"]
[WhiteTeam "Wood Green"]
[BlackTeam "Cheddleton"]
[WhiteTeamCountry "ENG"]
[BlackTeamCountry "ENG"]

1. c4 Nf6 2. d4 g6 3. Nc3 Bg7 4. e4 d6 5. h3 0-0 6. Bg5 c5 7. d5 e6 8. Nf3 exd5 9. cxd5 Re8 10. Bd3 c4 11. Bc2 b5 12. a3 Nbd7 13. 0-0 Nc5 14. Re1 Qb6 15. Be3 Nfd7 16. Nd4 Ne5 17. Ndxb5 a6 18. Nd4 Qxb2 19. Na4 Nxa4 20. Bxa4 Bd7 21. Bc2 Rab8 22. Qd2 c3 23. Qe2 Bb5 24. Nxb5 Qxb5 25. Qd1 Nc4 26. Ba7 Nb2 27. Qf3 Rb7 28. Be3 Nc4 29. Bf4 Reb8 30. Bd3 Be5 31. Rac1 Rc8 32. Bxc4 Qxc4 33. Bxe5 dxe5 34. Qf6 Qd4 35. Rcd1 c2 36. Rxd4 Rb1 37. d6 Rxe1+ 38. Kh2 c1Q 39. d7 exd4 40. d8R+ Rxd8 41. Qxd8+ Kg7 42. Qxd4+ Kh6 43. g3 Rh1+ 44. Kg2 Qf1+ 0-1

[Event "Hastings Masters op"]
[Site "Hastings"]
[Date "2023.12.28"]
[Round "1"]
[White "Rami, Talab"]
[Black "Gasanov, Eldar"]
[Result "0-1"]
[WhiteElo "1947"]
[BlackElo "2487"]
[PlyCount "52"]
[EventDate "2023.12.28"]
[EventType "swiss"]
[EventRounds "9"]
[EventCountry "ENG"]
[SourceTitle "CB02_2024"]
[SourceDate "2024.01.10"]
[SourceVersion "1"]
[SourceVersionDate "2024.01.10"]
[SourceQuality "1"]

1. e4 c5 2. Nf3 g6 3. c3 d5 4. exd5 Qxd5 5. d4 Bg7 6. dxc5 Qxc5 7. Be3 Qc7 8. Bd3 Nf6 9. 0-0 0-0 10. Qe2 Nc6 11. Nbd2 Nd5 12. Be4 Nxe3 13. Qxe3 Bd7 14. Rfe1 e6 15. Rad1 Rfd8 16. b4 Rac8 17. a3 b6 18. c4 a5 19. Rb1 Be8 20. Rec1 Nd4 21. c5 axb4 22. axb4 f5 23. cxb6 Qxc1+ 24. Rxc1 Rxc1+ 25. Nf1 f4 26. Nxd4 fxe3 0-1

[Event "UK Blitz op Final"]
[Site "Leamington Spa"]
[Date "2023.12.02"]
[Round "5"]
[White "Boswell, Jacob Connor"]
[Black "Gasanov, Eldar"]
[Result "0-1"]
[WhiteElo "2235"]
[BlackElo "2487"]
[PlyCount "80"]
[EventDate "2023.12.02"]
[EventType "tourn (blitz)"]
[EventRounds "15"]
[EventCountry "ENG"]
[EventCategory "3"]
[SourceTitle "CB49_2023"]
[SourceDate "2023.12.06"]
[SourceVersion "1"]
[SourceVersionDate "2023.12.06"]
[SourceQuality "1"]

1. e4 c5 2. c3 d5 3. exd5 Qxd5 4. Nf3 Nf6 5. d4 e6 6. Nbd2 Nbd7 7. Bc4 Qc6 8. 0-0 Be7 9. a4 0-0 10. Re1 b6 11. Nf1 Bb7 12. Bb5 Qc7 13. Bg5 Rad8 14. Qe2 Qb8 15. Ne5 Nxe5 16. dxe5 Nd5 17. Bxe7 Nxe7 18. a5 Ng6 19. a6 Ba8 20. Ra4 Rd5 21. Re4 Rfd8 22. h4 h6 23. h5 Ne7 24. Rg4 Nf5 25. Bc4 R5d7 26. Bb5 Rd5 27. Bc4 R5d7 28. Bb3 b5 29. Bc2 Qb6 30. Bxf5 exf5 31. Rg3 c4 32. e6 Qxe6 33. Qxe6 fxe6 34. Rxe6 Kf7 35. Re5 Rd5 36. Rge3 Rxe5 37. Rxe5 Rd5 38. Re2 f4 39. g3 Rxh5 40. gxf4 Rh1# 0-1

[Event "UK Blitz op Final"]
[Site "Leamington Spa"]
[Date "2023.12.02"]
[Round "2"]
[White "Gasanov, Eldar"]
[Black "Speelman, Jonathan S"]
[Result "1-0"]
[WhiteElo "2487"]
[BlackElo "2492"]
[PlyCount "119"]
[EventDate "2023.12.02"]
[EventType "tourn (blitz)"]
[EventRounds "15"]
[EventCountry "ENG"]
[EventCategory "3"]
[SourceTitle "CB49_2023"]
[SourceDate "2023.12.06"]
[SourceVersion "1"]
[SourceVersionDate "2023.12.06"]
[SourceQuality "1"]

1. d4 e6 2. c4 b6 3. a3 Bb7 4. Nc3 Nf6 5. d5 Bd6 6. Nf3 0-0 7. g3 Na6 8. Bg2 Nc5 9. 0-0 a5 10. Nd4 exd5 11. cxd5 Be5 12. e3 a4 13. Rb1 Re8 14. Re1 Ra5 15. Ndb5 Nb3 16. Bd2 c6 17. Nd4 Bxd4 18. exd4 cxd5 19. Bg5 Rxe1+ 20. Qxe1 Ra8 21. Nxd5 Bxd5 22. Bxd5 Rc8 23. Qb4 h6 24. Bxf6 Qxf6 25. Bxb3 axb3 26. Qxb3 Qxd4 27. Rd1 Qc5 28. Rxd7 Qc1+ 29. Kg2 Qc6+ 30. Qd5 Qxd5+ 31. Rxd5 Rc2 32. Rb5 Rc6 33. h4 g6 34. Kf3 Re6 35. b3 h5 36. Rb4 Kg7 37. Rc4 Kf6 38. Rf4+ Kg7 39. Re4 Rc6 40. Rc4 Re6 41. a4 Kf6 42. b4 Kg7 43. b5 Rd6 44. Ke3 Re6+ 45. Re4 Rd6 46. Rd4 Re6+ 47. Kd3 Re1 48. Kc3 Ra1 49. Kb2 Rf1 50. Rd2 Kf6 51. a5 bxa5 52. b6 Re1 53. Rd6+ Kg7 54. b7 Re8 55. Kb3 Rb8 56. Rb6 Kf8 57. Ka4 Ke7 58. Kxa5 Kd7 59. Ka6 Kc7 60. Rb1 1-0

[Event "UK Blitz op Final"]
[Site "Leamington Spa"]
[Date "2023.12.02"]
[Round "10"]
[White "Horton, Andrew P"]
[Black "Gasanov, Eldar"]
[Result "1-0"]
[WhiteElo "2367"]
[BlackElo "2487"]
[PlyCount "91"]
[EventDate "2023.12.02"]
[EventType "tourn (blitz)"]
[EventRounds "15"]
[EventCountry "ENG"]
[EventCategory "3"]
[SourceTitle "CB49_2023"]
[SourceDate "2023.12.06"]
[SourceVersion "1"]
[SourceVersionDate "2023.12.06"]
[SourceQuality "1"]

1. Nf3 d5 2. c4 e6 3. g3 Nf6 4. Bg2 Be7 5. 0-0 0-0 6. d4 c6 7. Qc2 b6 8. b3 Bb7 9. Rd1 Nbd7 10. Nc3 Rc8 11. e4 h6 12. h3 dxe4 13. Nxe4 c5 14. Nxf6+ Bxf6 15. Bb2 cxd4 16. Nxd4 Bxg2 17. Kxg2 Qc7 18. Qe4 Nc5 19. Qf3 a6 20. Rd2 Rfd8 21. Rad1 Rd6 22. Nb5 axb5 23. Rxd6 Bxb2 24. cxb5 Be5 25. Rc6 Qb8 26. Rxc8+ Qxc8 27. Qc6 Qb8 28. b4 Na4 29. Rd7 Qf8 30. Qe4 Bf6 31. a3 Nc3 32. Qc6 Nd5 33. Qd6 Qc8 34. Qc6 Qb8 35. Qd6 Qa8 36. Qc6 Qxa3 37. Qc8+ Kh7 38. Rxf7 Qxb4 39. Qxe6 Qd4 40. Qf5+ Kg8 41. Rd7 Ne3+ 42. fxe3 Qb2+ 43. Kf3 Qb4 44. Qd5+ Kh7 45. Qe4+ Qxe4+ 46. Kxe4 1-0

[Event "Nottinghamshire Centenary"]
[Site "Nottingham"]
[Date "2023.11.01"]
[Round "6"]
[White "Wadsworth, Matthew J"]
[Black "Gasanov, Eldar"]
[Result "0-1"]
[WhiteElo "2446"]
[BlackElo "2478"]
[PlyCount "128"]
[EventDate "2023.10.30"]
[EventType "tourn"]
[EventRounds "9"]
[EventCountry "ENG"]
[EventCategory "6"]
[SourceTitle "Mega2024 Update 01"]
[Source "Chessbase"]
[SourceDate "2023.11.12"]
[SourceVersion "1"]
[SourceVersionDate "2023.11.12"]
[SourceQuality "1"]

1. c4 e5 2. g3 Nc6 3. Nc3 Bc5 4. Bg2 a6 5. Nf3 d6 6. e3 Ba7 7. a3 Nf6 8. d3 0-0 9. 0-0 h6 10. h3 Be6 11. Qc2 Ne7 12. b4 Ng6 13. Bb2 c6 14. c5 dxc5 15. Na4 cxb4 16. axb4 Nd5 17. Nxe5 Nxb4 18. Qc3 Nxe5 19. Qxe5 Qg5 20. Qc3 Nd5 21. Qc2 Bxe3 22. fxe3 Nxe3 23. Qf2 Nxf1 24. Rxf1 Bd5 25. Bxd5 cxd5 26. Nb6 Rad8 27. Bd4 Qg6 28. Qf3 Rfe8 29. h4 h5 30. Kg2 f6 31. Rc1 Qf7 32. Rc2 Rd6 33. Bf2 d4 34. Rb2 Rdd8 35. Rb4 Rd6 36. Nc4 Rd7 37. Rxb7 Rxb7 38. Nd6 Qd7 39. Nxe8 Rb5 40. Qe4 Re5 41. Nxf6+ gxf6 42. Qa8+ Re8 43. Qxa6 Qd5+ 44. Kh2 Re6 45. Qc8+ Kg7 46. Qc7+ Kg6 47. Qb8 Re2 48. Kg1 Kf5 49. Qc8+ Kg6 50. Qb8 Re7 51. Qf8 Ra7 52. Qe8+ Kg7 53. Qe1 Kf7 54. Qd1 Ra2 55. Qc1 Kg6 56. Qe1 Qe5 57. Qc1 Qe2 58. Qf1 Qf3 59. Be1 Qxf1+ 60. Kxf1 Kf5 61. Bf2 Rd2 62. Bxd4 Rxd3 63. Bf2 Kg4 64. Ke2 Rxg3 0-1

[Event "GBR-ch 109th"]
[Site "Leicester"]
[Date "2023.07.29"]
[Round "8"]
[White "Gasanov, Eldar"]
[Black "Villiers, Thomas"]
[Result "1-0"]
[WhiteElo "2481"]
[BlackElo "2140"]
[PlyCount "93"]
[EventDate "2023.07.22"]
[EventType "swiss"]
[EventRounds "9"]
[EventCountry "ENG"]
[SourceTitle "CBM 215 Extra"]
[Source "ChessBase"]
[SourceDate "2023.09.30"]
[SourceVersion "1"]
[SourceVersionDate "2023.09.30"]
[SourceQuality "1"]

1. d4 Nf6 2. Nf3 e6 3. c4 c5 4. d5 b5 5. Bg5 exd5 6. cxd5 h6 7. Bf4 Bb7 8. e4 Nxe4 9. Bxb5 Qa5+ 10. Nbd2 Qxb5 11. Nxe4 Qb4+ 12. Nfd2 Bxd5 13. 0-0 Be7 14. Bd6 Nc6 15. Bxe7 Nxe7 16. Nd6+ Kf8 17. Re1 Ng6 18. N2e4 Be6 19. Rc1 Kg8 20. Nxc5 Kh7 21. Qc2 Rhb8 22. b3 Rb6 23. Re4 Qa3 24. Ra4 Qxa4 25. Nxa4 Rxd6 26. h3 Rc6 27. Qd2 Rac8 28. Rxc6 Rxc6 29. Nc3 Kh8 30. Nb5 Rc5 31. Nxa7 Rg5 32. f4 Rf5 33. g3 Rd5 34. Qe2 Bxh3 35. Nb5 Bf5 36. a4 Rd3 37. Kf2 Rxb3 38. Nd4 Be6 39. Nxb3 Bxb3 40. a5 Nf8 41. Qe4 Ne6 42. a6 Nc5 43. Qa8+ Kh7 44. a7 Ba4 45. Qd5 Ne4+ 46. Qxe4+ Kh8 47. a8R# 1-0

[Event "GBR-ch 109th"]
[Site "Leicester"]
[Date "2023.07.24"]
[Round "3"]
[White "Adams, Michael"]
[Black "Gasanov, Eldar"]
[Result "1/2-1/2"]
[WhiteElo "2666"]
[BlackElo "2481"]
[PlyCount "109"]
[EventDate "2023.07.22"]
[EventType "swiss"]
[EventRounds "9"]
[EventCountry "ENG"]
[SourceTitle "CBM 215 Extra"]
[Source "ChessBase"]
[SourceDate "2023.09.30"]
[SourceVersion "1"]
[SourceVersionDate "2023.09.30"]
[SourceQuality "1"]

1. e4 c5 2. Nf3 e6 3. c3 d5 4. exd5 Qxd5 5. Na3 Nf6 6. d4 Nc6 7. Be3 cxd4 8. Nb5 Qd8 9. Nbxd4 Nxd4 10. Bxd4 Be7 11. Bd3 0-0 12. Qc2 h6 13. 0-0-0 Qa5 14. Kb1 Rd8 15. Ne5 Bd7 16. Nxd7 Nxd7 17. Bh7+ Kf8 18. Be4 Rab8 19. f4 Bc5 20. Bf3 Qc7 21. g3 b6 22. Qe2 Bxd4 23. Rxd4 Nf6 24. Rhd1 Rxd4 25. Rxd4 Rd8 26. Qe5 Qc8 27. Kc2 Ke7 28. a4 Rxd4 29. Qxd4 Qc7 30. Qb4+ Qd6 31. Qb5 Nd7 32. a5 e5 33. axb6 axb6 34. Qe2 Qe6 35. Qe3 f6 36. h4 Nc5 37. fxe5 fxe5 38. g4 Qg6+ 39. Kd2 Qd6+ 40. Ke2 Ne6 41. b4 Nf4+ 42. Kf2 Kf6 43. Kg3 g6 44. Qe4 Qd2 45. g5+ hxg5 46. hxg5+ Ke6 47. Qc6+ Qd6 48. Qxd6+ Kxd6 49. c4 Kc7 50. Be4 Kd7 51. Kg4 Kd6 52. Bc2 Kc6 53. Bb1 Kd6 54. Be4 Ke6 55. Bc2 1/2-1/2

[Event "Stafford Wood Green"]
[Site "Stafford"]
[Date "2023.07.18"]
[Round "9"]
[White "Gasanov, Eldar"]
[Black "Turner, Matthew"]
[Result "1/2-1/2"]
[WhiteElo "2481"]
[BlackElo "2439"]
[PlyCount "40"]
[EventDate "2023.07.14"]
[EventType "tourn"]
[EventRounds "9"]
[EventCountry "ENG"]
[EventCategory "6"]
[SourceTitle "CBM 215 Extra"]
[Source "ChessBase"]
[SourceDate "2023.09.30"]
[SourceVersion "1"]
[SourceVersionDate "2023.09.30"]
[SourceQuality "1"]

1. c4 c5 2. Nc3 Nc6 3. g3 g6 4. Bg2 Bg7 5. Nf3 Nf6 6. 0-0 0-0 7. d4 cxd4 8. Nxd4 Nxd4 9. Qxd4 d6 10. Qd3 a6 11. Bd2 Bf5 12. e4 Be6 13. b3 Ng4 14. a4 Ne5 15. Qc2 Nc6 16. Rab1 Nd4 17. Qd3 Rc8 18. Nd5 b5 19. cxb5 axb5 20. a5 b4 1/2-1/2

[Event "Stafford Wood Green"]
[Site "Stafford"]
[Date "2023.07.17"]
[Round "7"]
[White "Gasanov, Eldar"]
[Black "Ghasi, Ameet K"]
[Result "0-1"]
[WhiteElo "2481"]
[BlackElo "2495"]
[PlyCount "130"]
[EventDate "2023.07.14"]
[EventType "tourn"]
[EventRounds "9"]
[EventCountry "ENG"]
[EventCategory "6"]
[SourceTitle "CBM 215 Extra"]
[Source "ChessBase"]
[SourceDate "2023.09.30"]
[SourceVersion "1"]
[SourceVersionDate "2023.09.30"]
[SourceQuality "1"]

1. d4 Nf6 2. c4 g6 3. Nc3 Bg7 4. e4 d6 5. h3 0-0 6. Be3 Nbd7 7. Bd3 e5 8. d5 Nc5 9. Bc2 a5 10. g4 c6 11. Nf3 cxd5 12. cxd5 Ne8 13. Rg1 Bd7 14. a3 a4 15. Qe2 Qa5 16. Kf1 Nc7 17. Kg2 Nb5 18. Na2 Nd4 19. Qd1 Nxc2 20. Qxc2 Nb3 21. Rad1 Rac8 22. Nc3 b5 23. Qe2 b4 24. Na2 bxa3 25. bxa3 Bb5 26. Qe1 f5 27. gxf5 gxf5 28. Ng5 Qxe1 29. Rdxe1 f4 30. Bb6 Rf6 31. Nb4 Rg6 32. Kh1 Rc3 33. Na2 Rc4 34. Nb4 Bd7 35. Re2 Bf6 36. Ne6 Kf7 37. Rxg6 hxg6 38. Kg2 Bb5 39. Rc2 Rxc2 40. Nxc2 Bd3 41. Nb4 Bxe4+ 42. f3 Bxd5 43. Nxf4 Bb7 44. Nfd5 Bg5 45. Nc3 Nd2 46. Nxa4 Nxf3 47. Nc3 Nd2+ 48. Kf2 Nc4 49. Nb5 Ke6 50. Ba7 Bd8 51. a4 Ba5 52. Nd3 Bc6 53. Ke2 g5 54. Bb8 Bxb5 55. axb5 Na3 56. Kf3 Nxb5 57. Kg4 Bd8 58. Ne1 e4 59. Ng2 Bf6 60. Ne3 Nd4 61. Ba7 Nc6 62. Bb6 d5 63. Nc2 d4 64. Ne1 Ne5+ 65. Kg3 Nc4 0-1

[Event "Stafford Wood Green"]
[Site "Stafford"]
[Date "2023.07.17"]
[Round "6"]
[White "Sousa, Andre Ventura"]
[Black "Gasanov, Eldar"]
[Result "1/2-1/2"]
[WhiteElo "2455"]
[BlackElo "2481"]
[PlyCount "153"]
[EventDate "2023.07.14"]
[EventType "tourn"]
[EventRounds "9"]
[EventCountry "ENG"]
[EventCategory "6"]
[SourceTitle "CBM 215 Extra"]
[Source "ChessBase"]
[SourceDate "2023.09.30"]
[SourceVersion "1"]
[SourceVersionDate "2023.09.30"]
[SourceQuality "1"]

1. Nf3 c5 2. g3 Nc6 3. Bg2 Nf6 4. 0-0 e5 5. e4 Be7 6. d3 0-0 7. Nc3 d6 8. h3 Ne8 9. Nd5 f5 10. c3 Kh8 11. b4 cxb4 12. cxb4 Nc7 13. Nxe7 Qxe7 14. Rb1 Nb5 15. Bb2 f4 16. a4 Nbd4 17. b5 Nxf3+ 18. Qxf3 Nd8 19. d4 Nf7 20. Qh5 g6 21. Qd1 Qf6 22. dxe5 dxe5 23. Rc1 Be6 24. Rc5 Rad8 25. Qa1 Kg8 26. Bxe5 Nxe5 27. Qxe5 Qxe5 28. Rxe5 Bb3 29. Re7 Bxa4 30. Rxb7 f3 31. Bh1 Rd3 32. Ra1 Rd4 33. e5 Rf7 34. Rxf7 Kxf7 35. Bxf3 Ke6 36. Re1 Bxb5 37. Bg4+ Ke7 38. Rc1 h5 39. Rc7+ Kd8 40. Rc5 hxg4 41. Rxb5 gxh3 42. Ra5 Rd2 43. Rxa7 h2+ 44. Kxh2 Rxf2+ 45. Kh3 Re2 46. Ra5 Re4 47. Kg2 Ke7 48. Kf3 Rb4 49. Ra6 Kf7 50. Rf6+ Kg7 51. Rd6 Kf7 52. Ke3 Rg4 53. Rf6+ Kg7 54. Rf3 Ra4 55. Rf1 g5 56. Rf3 Rb4 57. Kd3 Ra4 58. e6 Ra7 59. Ke4 Kg6 60. Re3 Kf6 61. Kf3 Ke7 62. Kg4 Ra5 63. Kh5 Rb5 64. g4 Ra5 65. Re1 Rb5 66. Re2 Ra5 67. Re3 Rb5 68. Kg6 Ra5 69. Rf3 Kxe6 70. Rf5 Ra8 71. Rxg5 Rh8 72. Kg7 Rh4 73. Kg6 Rh8 74. Kg7 Rh4 75. Rg6+ Ke5 76. g5 Rh5 77. Rh6 1/2-1/2

[Event "Stafford Wood Green"]
[Site "Stafford"]
[Date "2023.07.15"]
[Round "4"]
[White "Wadsworth, Matthew J"]
[Black "Gasanov, Eldar"]
[Result "0-1"]
[WhiteElo "2431"]
[BlackElo "2481"]
[PlyCount "68"]
[EventDate "2023.07.14"]
[EventType "tourn"]
[EventRounds "9"]
[EventCountry "ENG"]
[EventCategory "6"]
[SourceTitle "CBM 215 Extra"]
[Source "ChessBase"]
[SourceDate "2023.09.30"]
[SourceVersion "1"]
[SourceVersionDate "2023.09.30"]
[SourceQuality "1"]

1. c4 e5 2. g3 Nc6 3. Nc3 g6 4. Bg2 Bg7 5. d3 d6 6. Rb1 f5 7. b4 Nf6 8. b5 Ne7 9. e3 0-0 10. Nge2 c6 11. 0-0 c5 12. d4 Rb8 13. dxe5 dxe5 14. b6 axb6 15. Qb3 Be6 16. Rd1 Nd7 17. Rd6 Bf7 18. Qd1 Be8 19. Bd5+ Nxd5 20. Nxd5 Rf7 21. Nxb6 Qc7 22. Nc3 Nxb6 23. Rdxb6 Bc6 24. Nd5 Qd8 25. Ba3 Bf8 26. e4 Ra8 27. Bc1 Rxa2 28. exf5 Rxf5 29. Be3 Qa8 30. Nc3 Ra3 31. Rxc6 bxc6 32. Ne4 Qa4 33. Qd8 Qc2 34. Nd2 Rd3 0-1

[Event "Titled Tuesday intern op 27th Dec Late"]
[Site "Chess.com INT"]
[Date "2022.12.27"]
[Round "2"]
[White "Can, Melih Kaan"]
[Black "Gasanov, Eldar"]
[Result "0-1"]
[WhiteElo "2098"]
[BlackElo "2481"]
[PlyCount "70"]
[EventDate "2022.12.27"]
[EventType "swiss (blitz)"]
[EventRounds "11"]
[EventCountry "USA"]
[SourceTitle "EXT 2024"]
[Source "ChessBase"]
[SourceDate "2023.10.10"]
[SourceVersion "1"]
[SourceVersionDate "2023.10.10"]
[SourceQuality "1"]

1. e4 c5 2. Nf3 Nc6 3. c3 e5 4. Bc4 Nf6 5. Qe2 Be7 6. 0-0 0-0 7. Rd1 d6 8. h3 Na5 9. Bd3 Re8 10. Bc2 Bf8 11. d4 exd4 12. cxd4 Bf5 13. Nc3 Qc8 14. Bg5 Nxe4 15. Bxe4 Bxe4 16. Nxe4 d5 17. Ne5 dxe4 18. Qxe4 cxd4 19. Qd5 Qf5 20. f4 Nc6 21. g4 Qe6 22. Qxe6 Rxe6 23. Nxc6 Rxc6 24. Rd2 Bb4 25. Rd3 Rc2 26. a3 Bd2 27. b4 Re8 28. Rd1 Be3+ 29. Kh1 h6 30. Bh4 b5 31. Bg3 Re4 32. f5 h5 33. gxh5 Kh7 34. Bh2 Rh4 35. Be5 Rxh3+ 0-1

[Event "Titled Tuesday intern op 27th Dec Late"]
[Site "Chess.com INT"]
[Date "2022.12.27"]
[Round "11"]
[White "Gasanov, Eldar"]
[Black "Toniutti, Ezio"]
[Result "0-1"]
[WhiteElo "2481"]
[BlackElo "2238"]
[PlyCount "144"]
[EventDate "2022.12.27"]
[EventType "swiss (blitz)"]
[EventRounds "11"]
[EventCountry "USA"]
[SourceTitle "EXT 2024"]
[Source "ChessBase"]
[SourceDate "2023.10.10"]
[SourceVersion "1"]
[SourceVersionDate "2023.10.10"]
[SourceQuality "1"]

1. d4 d5 2. c4 c6 3. Nf3 Nf6 4. Nc3 a6 5. a4 Bf5 6. Qb3 Ra7 7. Bf4 e6 8. a5 Nbd7 9. e3 Nh5 10. Bg5 Be7 11. Bxe7 Qxe7 12. Be2 Nhf6 13. 0-0 h6 14. Ra4 Ne4 15. Nxe4 Bxe4 16. Rb4 Bxf3 17. Bxf3 Nf6 18. Rc1 0-0 19. Rb6 Rd8 20. Qa3 Rd7 21. h3 Qd8 22. Rc3 Qc8 23. Qb4 Rc7 24. Qd6 Ra8 25. g3 Nd7 26. Rbb3 Nf6 27. Kg2 Rd7 28. Qb4 Qd8 29. Qb6 Qe7 30. Rb4 Re8 31. Rcb3 dxc4 32. Rxc4 e5 33. Qc5 exd4 34. Qxe7 Rexe7 35. Rxd4 Rxd4 36. exd4 Rd7 37. Kf1 Kf8 38. Ke2 Ke7 39. Kd3 Kd8 40. Kc4 Kc7 41. Re3 Kd6 42. h4 Rd8 43. g4 Nd5 44. Re5 f6 45. Re1 Rb8 46. g5 fxg5 47. hxg5 Rf8 48. gxh6 gxh6 49. Bg4 Rxf2 50. b4 Rf6 51. Bc8 Kc7 52. Re8 Rf2 53. Be6 Rc2+ 54. Kb3 Rc3+ 55. Kb2 Rd3 56. Bxd5 cxd5 57. Re7+ Kc6 58. Re6+ Kc7 59. Rxh6 Rxd4 60. Kc3 Rc4+ 61. Kb3 Rg4 62. Re6 d4 63. Kc4 d3+ 64. Kxd3 Rxb4 65. Re5 Rb5 66. Rxb5 axb5 67. Kc3 Kd6 68. Kb4 Kc6 69. Kb3 Kc5 70. Ka3 b4+ 71. Ka4 b3 72. a6 b2 0-1

[Event "UK-ch Blitz"]
[Site "Leamington Spa"]
[Date "2022.12.03"]
[Round "11"]
[White "Gasanov, Eldar"]
[Black "Gormally, Daniel"]
[Result "1/2-1/2"]
[WhiteElo "2447"]
[BlackElo "2553"]
[PlyCount "98"]
[EventDate "2022.12.03"]
[EventType "tourn (blitz)"]
[EventRounds "15"]
[EventCountry "ENG"]
[SourceTitle "CBM 211 Extra"]
[Source "ChessBase"]
[SourceDate "2023.01.31"]
[SourceVersion "1"]
[SourceVersionDate "2023.01.31"]
[SourceQuality "1"]

1. d4 Nf6 2. c4 e6 3. Nc3 Bb4 4. Bg5 h6 5. Bh4 c5 6. d5 exd5 7. cxd5 d6 8. e3 Nbd7 9. Bb5 Bxc3+ 10. bxc3 Qa5 11. Bxd7+ Nxd7 12. Ne2 Ne5 13. 0-0 Qa6 14. Bg3 Nc4 15. Qd3 0-0 16. e4 f5 17. Nf4 fxe4 18. Qxe4 Bf5 19. Qe2 Rae8 20. Qh5 Ne5 21. h3 Qc4 22. Rfe1 Qxc3 23. Kh1 Kh7 24. a4 Ng6 25. Ne6 Bxe6 26. dxe6 Rf6 27. e7 Rxe7 28. Rec1 Qd3 29. Rd1 Qf5 30. Qxf5 Rxf5 31. Rxd6 b6 32. Rc6 Rf6 33. Rc8 Rfe6 34. Kh2 Re1 35. Ra2 R1e2 36. Ra3 h5 37. h4 R2e4 38. Kh3 Nf4+ 39. Kh2 Ne2 40. Bb8 Rxh4+ 41. Rh3 Rxh3+ 42. Kxh3 c4 43. Rxc4 a6 44. Rc6 Rb7 45. Be5 b5 46. Rxa6 b4 47. Rd6 Nc3 48. Bxc3 bxc3 49. Rc6 Rb4 1/2-1/2